00333nam a2200121Ia 45000010005000000080041000050820021000461000033000672450048001002600021001489010027001699990015001961759241024s9999 xx 000 0 und d aRD/780.9/R426c/5 aRepública Dominicana. SEEC 0aCuadernos de arte No.5. Educación Musical bEd. Tallerc1997 a23/9/2011 3:52:09 p.m. c7946d7946